Central-Library-PUMHS

Online Public Access Catalogue

Welcome to PUMHS Central Library Nawabshah, SBA

Introduction to high performance liquid chromatography / (Record no. 37364)

000 -LEADER
fixed length control field 00957cam a2200301 a 4500
001 - CONTROL NUMBER
control field 3733688
003 - CONTROL NUMBER IDENTIFIER
control field OSt
005 - DATE AND TIME OF LATEST TRANSACTION
control field 20251210111524.0
008 - FIXED-LENGTH DATA ELEMENTS--GENERAL INFORMATION
fixed length control field 810922s1982 enk 001 0 eng
010 ## - LIBRARY OF CONGRESS CONTROL NUMBER
LC control number 81016840
020 ## - INTERNATIONAL STANDARD BOOK NUMBER
International Standard Book Number 0412234300 :
Terms of availability $29.95
020 ## - INTERNATIONAL STANDARD BOOK NUMBER
International Standard Book Number 9780412234309
035 ## - SYSTEM CONTROL NUMBER
System control number 3733688
040 ## - CATALOGING SOURCE
Original cataloging agency DLC
Transcribing agency DLC
Modifying agency DLC
050 00 - LIBRARY OF CONGRESS CALL NUMBER
Classification number QD79.C454
Item number H35 1982
082 00 - DEWEY DECIMAL CLASSIFICATION NUMBER
Classification number 543/.0894
Edition number 19
100 1# - MAIN ENTRY--PERSONAL NAME
Personal name Hamilton, R. J.
Fuller form of name (Richard John)
245 10 - TITLE STATEMENT
Title Introduction to high performance liquid chromatography /
Statement of responsibility, etc R.J. Hamilton and P.A. Sewell.
250 ## - EDITION STATEMENT
Edition statement 2nd ed.
260 ## - PUBLICATION, DISTRIBUTION, ETC. (IMPRINT)
Place of publication, distribution, etc London ;
-- New York :
Name of publisher, distributor, etc Chapman and Hall,
Date of publication, distribution, etc 1982.
300 ## - PHYSICAL DESCRIPTION
Extent vii, 248 p. ;
Dimensions 24 cm.
500 ## - GENERAL NOTE
General note Includes indexes.
650 #0 - SUBJECT ADDED ENTRY--TOPICAL TERM
Topical term or geographic name as entry element High performance liquid chromatography.
700 1# - ADDED ENTRY--PERSONAL NAME
Personal name Sewell, P. A.
Fuller form of name (Peter Alexis)
906 ## - LOCAL DATA ELEMENT F, LDF (RLIN)
a 7
b cbc
c orignew
d 1
e ocip
f 19
g y-gencatlg
942 ## - ADDED ENTRY ELEMENTS (KOHA)
Source of classification or shelving scheme
Koha item type Books
Holdings
Withdrawn status Lost status Source of classification or shelving scheme Damaged status Not for loan Permanent Location Current Location Shelving location Date acquired Source of acquisition Cost, normal purchase price Full call number Barcode Date last seen Price effective from Koha item type
          Central Library Main Campus PUMHSW Nawabshah (SBA) Pharm-D Library Pharm-D Library 2025-12-10 M/S Farooq ,Bill No.007989 ,Date 02/06/2025 693.00 615.04 Ham 63822 2025-12-10 2025-12-10 Books
          Central Library Main Campus PUMHSW Nawabshah (SBA) Pharm-D Library Pharm-D Library 2025-12-10 M/S Farooq ,Bill No.007989 ,Date 02/06/2025 693.00 615.04 Ham 63823 2025-12-10 2025-12-10 Books
          Central Library Main Campus PUMHSW Nawabshah (SBA) Pharm-D Library Pharm-D Library 2025-12-10 M/S Farooq ,Bill No.007989 ,Date 02/06/2025 693.00 615.04 Ham 63824 2025-12-10 2025-12-10 Books
          Central Library Main Campus PUMHSW Nawabshah (SBA) Pharm-D Library Pharm-D Library 2025-12-10 M/S Farooq ,Bill No.007989 ,Date 02/06/2025 693.00 615.04 Ham 63825 2025-12-10 2025-12-10 Books

Copyright © 2018,The PUMHSW, Nawabshah, Shaheed Benazirabad. All rights reserved
Mr. Abdul Sattar Mahar (Chief Librarian) PUMHSW, Nawabshah, Sindh, Pakistan 67480.
Ph#: | 0244-9370425 Ext. 2241 Email| librarian@pumhs.edu.pk Web| http://www.pumhs.edu.pk
سنڌي ڪي بورڊ